<?xml version="1.0" encoding="UTF-8"?>
<record
    xmlns:xsi="http://www.w3.org/2001/XMLSchema-instance"
    xsi:schemaLocation="http://www.loc.gov/MARC21/slim http://www.loc.gov/standards/marcxml/schema/MARC21slim.xsd"
    xmlns="http://www.loc.gov/MARC21/slim">

  <leader>02491nam a22003377a 4500</leader>
  <datafield tag="999" ind1=" " ind2=" ">
    <subfield code="c">22042</subfield>
    <subfield code="d">22042</subfield>
  </datafield>
  <controlfield tag="003">AR-CdUCM</controlfield>
  <controlfield tag="008">190515b           ||||| |||| 00| 0 spa d</controlfield>
  <datafield tag="040" ind1=" " ind2=" ">
    <subfield code="a">MUNICIPALIDAD PROVINCIAL DEL CUSCO</subfield>
    <subfield code="c">BIBLIOTECA MUNICIPAL DEL CUSCO</subfield>
  </datafield>
  <datafield tag="082" ind1=" " ind2=" ">
    <subfield code="a">CroniUrbana/N&#xB0;11/2006</subfield>
  </datafield>
  <datafield tag="110" ind1=" " ind2=" ">
    <subfield code="a">Centro de Educaci&#xF3;n y Comunicaci&#xF3;n Guam&#xE1;n Poma de Ayala</subfield>
    <subfield code="9">47233</subfield>
  </datafield>
  <datafield tag="245" ind1=" " ind2=" ">
    <subfield code="a">Cr&#xF3;nicas Urbanas :</subfield>
    <subfield code="b">an&#xE1;lisis y perspectivas urbano regionales /</subfield>
  </datafield>
  <datafield tag="260" ind1=" " ind2=" ">
    <subfield code="a">Cusco :</subfield>
    <subfield code="b">Centro Guam&#xE1;n Poma de Ayala,</subfield>
    <subfield code="c">2006.</subfield>
  </datafield>
  <datafield tag="300" ind1=" " ind2=" ">
    <subfield code="a">132 p&#xE1;ginas. :</subfield>
    <subfield code="b">ilustraciones ;</subfield>
    <subfield code="c">30 cm.</subfield>
  </datafield>
  <datafield tag="440" ind1=" " ind2=" ">
    <subfield code="a">Revista Cr&#xF3;nicas Urbanas.</subfield>
    <subfield code="n">A&#xF1;&#xF1;o X, N&#xB0;11, 2006</subfield>
    <subfield code="9">47243</subfield>
  </datafield>
  <datafield tag="505" ind1=" " ind2=" ">
    <subfield code="a">Contenido: Etnicidad y pol&#xED;tica, los puentes entre lo ideal y lo real. Gonzalo Portocarrero. -- Militares, eticidad y campesinado en el Per&#xFA; agenda para una investigaci&#xF3;n. Cecilia M&#xE9;ndez. -- Exclusi&#xF3;n y revancha l&#xF3;gicas autoritarias versus cultura democr&#xE1;tica en el Per&#xFA;. Karina Pacheco Medrano. -- Universalistas y particularistas dos maneras de entender la pol&#xED;tica. Antonio P&#xE9;rez Valerga. -- &#xBF;Qui&#xE9;nes somos? multiculturalismo y relaciones inter&#xE9;tnicas en Am&#xE9;rica Latina. Luis Esteban Gonz&#xE1;les Manrique. -- Entrevista a Nelson Manrique no hay democracia con racismo. Luis Nieto Degregori. -- Conclusiones cr&#xED;ticas sobre la identidad Cultural. Pedro G&#xF3;mez Garc&#xED;a. -- Ley de bases de Municipalidades reconocimiento de nuestra diversidad y desarrollo de autonom&#xED;a local. Hildebrando Castro Pozo D&#xED;az. -- La resurrecci&#xF3;n del Inca, el papel de las representaciones ind&#xED;genas en la invenci&#xF3;n de la naci&#xF3;n peruana. Antoinette Molini&#xE9;. -- La naci&#xF3;n en venta bricheros turismo y mercado en el Per&#xFA; contempor&#xE1;neo. V&#xED;ctor Vich. -- &#xBF;Comentarios reales o inventados? los profesores cusque&#xF1;os tienen la palabra. Carlos Miguel Salazar Zagazeta. -- Clorinda Matto de Turner infatigable obrera del pensamiento.  Roc&#xED;o Ferreira. -- Kukuli. Gabriela Mart&#xED;nez.</subfield>
  </datafield>
  <datafield tag="650" ind1=" " ind2=" ">
    <subfield code="a">Historia Urbana</subfield>
    <subfield code="9">13611</subfield>
  </datafield>
  <datafield tag="650" ind1=" " ind2=" ">
    <subfield code="a">Desarrollo Urbano</subfield>
    <subfield code="9">14520</subfield>
  </datafield>
  <datafield tag="650" ind1=" " ind2=" ">
    <subfield code="a">Pol&#xED;tica</subfield>
    <subfield code="9">291</subfield>
  </datafield>
  <datafield tag="650" ind1=" " ind2=" ">
    <subfield code="a">Historia del Cusco</subfield>
    <subfield code="9">1714</subfield>
  </datafield>
  <datafield tag="650" ind1=" " ind2=" ">
    <subfield code="a">Desarrollo econ&#xF3;mico</subfield>
    <subfield code="9">1696</subfield>
  </datafield>
  <datafield tag="650" ind1=" " ind2=" ">
    <subfield code="a">Pol&#xED;tica ind&#xED;gena</subfield>
    <subfield code="9">47238</subfield>
  </datafield>
  <datafield tag="700" ind1=" " ind2=" ">
    <subfield code="a">Vich, V&#xED;ctor</subfield>
    <subfield code="9">47244</subfield>
  </datafield>
  <datafield tag="700" ind1=" " ind2=" ">
    <subfield code="a">Portocarrero, Gonzalo</subfield>
    <subfield code="9">2259</subfield>
  </datafield>
  <datafield tag="700" ind1=" " ind2=" ">
    <subfield code="a">M&#xE9;ndez, Cecilia</subfield>
    <subfield code="9">47245</subfield>
  </datafield>
  <datafield tag="700" ind1=" " ind2=" ">
    <subfield code="a">P&#xE9;rez Valerga, Antonio</subfield>
    <subfield code="9">47246</subfield>
  </datafield>
  <datafield tag="700" ind1=" " ind2=" ">
    <subfield code="a">Nieto Degregori, Luis</subfield>
    <subfield code="9">6534</subfield>
  </datafield>
  <datafield tag="700" ind1=" " ind2=" ">
    <subfield code="a">G&#xF3;mez Garc&#xED;a, Pedro</subfield>
    <subfield code="9">47247</subfield>
  </datafield>
  <datafield tag="710" ind1=" " ind2=" ">
    <subfield code="a">Centro Guam&#xE1;n Poma de Ayala</subfield>
    <subfield code="9">20511</subfield>
  </datafield>
  <datafield tag="942" ind1=" " ind2=" ">
    <subfield code="2">ddc</subfield>
    <subfield code="c">PP</subfield>
  </datafield>
  <datafield tag="945" ind1=" " ind2=" ">
    <subfield code="a">vhl</subfield>
  </datafield>
  <datafield tag="952" ind1=" " ind2=" ">
    <subfield code="0">0</subfield>
    <subfield code="2">ddc</subfield>
    <subfield code="4">0</subfield>
    <subfield code="7">0</subfield>
    <subfield code="a">HEM</subfield>
    <subfield code="b">HEM</subfield>
    <subfield code="c">CART</subfield>
    <subfield code="d">2022-02-21</subfield>
    <subfield code="g">10.00</subfield>
    <subfield code="o">CroniUrbana/N&#xB0;11/2006</subfield>
    <subfield code="p">REVC000606</subfield>
    <subfield code="r">2022-02-21</subfield>
    <subfield code="y">PP</subfield>
  </datafield>
</record>
